000 00845nam a2200217Ii 4500
003 JO-AjNU
008 230605s9999||||xx |||||||||||||| ||und||
017 _a2006/7/1850
040 _aJO-AjNU
_bara
_erda
_cJO-AjNU
041 _aara
050 1 4 _aBF637.S8.K42.2006
100 3 _aالخطيب،حسين حسن,
_eauthor
_916424
245 0 0 _aسعادتي تبدأمن هنا : خطة استراتيجية تساعدك على ادارة شؤون حياتك
250 _aط1
264 3 1 _aعمان:دار يافا العلمية للنشر والتوزيع ، 2006
300 _a220ص
336 _atext
_btxt
_2rdacontent
337 _aunmediated
_bn
_2rdamedia
338 _avolume
_bnc
_2rdacarrier
650 4 _aالثقافة الجماهيرية-الاسرة-العلاقات الداخلية-المشكلات الاجتماعية
_916425
999 _aA4862
_c8430
_d8430